000 00891nam a2200181 a 4500
001 000031315
005 20200930062838.0
008 110617s2000 dr 000 0 spa d
040 _aDO-SdBNP
_bspa
_cBNPHU
082 _axxxx
110 2 _aIglesia Católica.
_bPlan Nacional de Pastoral.
_n(2do :
_d2000, abr.- mar.
_cSanto Domingo)
_957765
245 1 0 _aPlan Nacional de Pastoral :
_bCuaresma 2000.
260 _aSanto Domingo :
_bInstituto Nacional de Pastoral,
_c2000.
300 _a127 p. ;
_c22 cm.
500 _aAño Santo 2000, encarnación, trinidad, eucaristía
505 0 _t5 domingo de cuaresma --
_t5 asambleas cuaresmales --
_t5 adoraciones eucarísticas --
_tRetiro para grupos y comunidades --
_tRetiro para niños y adolescentes --
_tLos siete dolores de la virgen --
_tAdoración para jueves santo --
_tPeregrinación penitencial --
_tActo penitencial --
_tViacrucis
049 _aBNPD
999 _c30807
_d30807